00729nam a2200241 a 4500001001300000003000900013005001700022008004100039020002600080082001300106100002000119245003700139260004300176300000900219500003500228505002400263650002400287700002000311902000800331942000700339952012600346999001500472nice12345678IN_TiNIC20260116013055.0050524s1997 lona grp 000 0 eng  a0415656 c961.2600a181bBIL aBillington, Ray aUnderstanding Eastern Philosophy aLondon bRoutledge Chapman Hall c1997 a197p aincludes index and biblioraphy2 aBibliography, Index aPhilosophy-Oriental1 aBillington, Ray bSRS cBK 001040708StackRoom-aHMIbHMId2007-07-31g961.26l1o181 BILp017913r2022-10-14s2022-10-06v961.26w2005-05-24yBK c9539d9539